00814nam a2200265Ia 4500008004000000020001800040041000800058082001500066100002200081245006000103260004500163300001300208650001400221650001000235650001100245650000700256650001500263650001300278650000800291690002500299700003400324906001100358999001900369952016000388210210b2011 xxu||||| |||| 00| 0 eng d a9780199569458 aeng a658.8 CRAO aCRAVENS (David W) aOxford handbook of strategic sales and sales management aNew YorkbOxford University Pressc2011 axxi, 637 astrategic asales aOxford aof amanagement ahandbook aand aMarketing Management aMEUNIER FITZHUGH (Kenneth Le) a067922 c152332d152332 001040738ManagementaALbALcR Sd2021-02-17eBiblios, Bunts Hostel Road, Mangaloreg4500.00l0o658.8 CRAOp067922r2021-02-17 00:00:00w2021-02-17yBK